00290pab a2200109 454500008003600000100002600036245004700062650001600109650001700125650001600142773002200158180718b xxu||||| |||| 00| 0 eng d aMandal, kalyan Sankar aPani Panchayat: a model growth with equity a Irrigation a Maharashtra aAgriculture aFinancial Express